• 首页
  • 本馆介绍
  • 公告通知
  • 最新文献
  • 馆藏检索
  • 电子资源
  • 读者导购
  • 参考咨询
  • 我的图书馆
  • 登录
  • 详细信息显示
  • 放入我的书架
  • 预约/预借图书
  • 作者相关作品
  • 分类相关作品
  • 丛书相关作品
  • 出版社相关作品

书目信息

  • 表格格式
  • 工作单格式
  • 卡片格式
题名:
南方设施西瓜、甜瓜轻简化生产技术
    
 
作者: 黄芸萍 , 张华峰 , 马二磊 主编
分册:  
出版信息: 北京   中国农业出版社  2019重印
页数: 123页
开本: 21cm
丛书名:
单 册:
中图分类: S627
科图分类:
主题词: 西瓜--xi gua--瓜果园艺--设施农业 , 甜瓜--tian gua--瓜果园艺--设施农业
电子资源:
ISBN: 978-7-109-23491-8
000 01095nam0 2200277 45
001 012001000587
005 20140106131429.0
010    @a978-7-109-23491-8@dCNY30.00
099    @aCAL 012018021001
100    @a20180110d2017 em y0chiy50 ea
101 0  @achi
102    @aCN@b110000
105    @aafk z 000yy
106    @ar
200 1  @a南方设施西瓜、甜瓜轻简化生产技术@Anan fang she shi xi gua 、 tian gua qing jian hua sheng chan ji shu@f黄芸萍, 张华峰, 马二磊主编
210    @a北京@c中国农业出版社@d2019重印
215    @a123页@c图@d21cm
330    @a本书分五章, 概述、西瓜轻简化生产技术、甜瓜轻简化生产技术、病虫害综合防控技术、适合轻简化栽培的农业机械。内容包括: 西瓜、甜瓜生产现状 ; 西瓜、甜瓜生产中存在的问题 ; 生物学特性 ; 品种选择 ; 西瓜轻简化栽培技术等。
606 0  @a西瓜@Axi gua@x瓜果园艺@x设施农业
606 0  @a甜瓜@Atian gua@x瓜果园艺@x设施农业
690    @aS627@v5
701  0 @a黄芸萍@Ahuang yun ping@4主编
701  0 @a张华峰@Azhang hua feng@4主编
701  0 @a马二磊@Ama er lei@4主编
801  0 @aCN@b北京卓展文化@c20191020
905    @b1200668-71@dS627@e508@f4
    
    南方设施西瓜、甜瓜轻简化生产技术/黄芸萍, 张华峰, 马二磊主编.-北京:中国农业出版社,2019重印
    123页:图;21cm
    
    
    ISBN 978-7-109-23491-8:CNY30.00
    本书分五章, 概述、西瓜轻简化生产技术、甜瓜轻简化生产技术、病虫害综合防控技术、适合轻简化栽培的农业机械。内容包括: 西瓜、甜瓜生产现状 ; 西瓜、甜瓜生产中存在的问题 ; 生物学特性 ; 品种选择 ; 西瓜轻简化栽培技术等。
●
相关链接 在E读中查询图书 在五车中查询图书 在当当中查询图书 在豆瓣中查询图书


正题名:南方设施西瓜、甜瓜轻简化生产技术     索取号:S627/508         预约/预借

序号 登录号 条形码 馆藏地/架位号 状态 备注
1 1200668   212006684   第二样本阅览室/ [索取号:S627/508] 在馆    
2 1200669   212006693   第三借阅区/ [索取号:S627/508] 在馆    
3 1200670   212006700   第三借阅区/ [索取号:S627/508] 在馆    
4 1200671   212006719   第三借阅区/ [索取号:S627/508] 在馆    
唐山师范学院图书馆 欢迎您!
大连网信软件有限公司© 版权所有